| 000 | 00581nam a22001817a 4500 | ||
|---|---|---|---|
| 999 |
_c62723 _d62723 |
||
| 003 | Ge_BSU | ||
| 005 | 20250130134450.0 | ||
| 008 | 250130s2016 ge ||||| |||| 00| 0 geo d | ||
| 041 | _ageo | ||
| 080 | _a821.353.1-311.6 ჯ-29 | ||
| 100 |
_aჯაყელი, ჯემალ _924188 |
||
| 245 |
_aიმხანად... : _b(წიგნი მეორე) / _cჯემალ ჯაყელი. |
||
| 264 |
_aბათუმი, _c2016. |
||
| 300 |
_a132 გვ.; _b20 სმ. |
||
| 653 | _aპროზა | ||
| 653 | _aპოეზია | ||
| 942 |
_2udc _cᲬᲘᲒᲜᲘ |
||